[Event "COL-chT sf (Women)"]
[Site "Medellin"]
[Date "2024.11.09"]
[Round "5.1"]
[White "Mateus, Martha"]
[Black "Restrepo Cifuentes, Luciana"]
[Result "1/2-1/2"]
[WhiteElo "1957"]
[BlackElo "1568"]
[PlyCount "64"]
[EventDate "2024.11.07"]
[EventType "team-swiss"]
[EventRounds "5"]
[EventCountry "COL"]
[SourceTitle "CB49_2024"]
[SourceDate "2024.12.04"]
[SourceVersion "1"]
[SourceVersionDate "2024.12.04"]
[SourceQuality "1"]
[WhiteTeam "Valle (W)"]
[BlackTeam "Antioquia Polijic (W)"]
[WhiteTeamCountry "COL"]
[BlackTeamCountry "COL"]

1. e4 e5 2. Nc3 Nc6 3. g3 Nf6 4. Bg2 Bc5 5. Nf3 d6 6. h3 h6 7. d3 Be6 8. Na4 Bb6 9. Nxb6 axb6 10. a3 Qd7 11. Bd2 d5 12. exd5 Bxd5 13. 0-0 0-0 14. Bc3 Qd6 15. b4 b5 16. Bb2 Rfe8 17. Rc1 Nd4 18. c4 bxc4 19. dxc4 Bxf3 20. Bxf3 Nxf3+ 21. Qxf3 e4 22. Qe3 Qe6 23. Kg2 Rad8 24. Rfd1 Rxd1 25. Rxd1 Qxc4 26. Bxf6 gxf6 27. Rd4 Qc6 28. Qxh6 e3+ 29. Kh2 Qf3 30. Rh4 Qxf2+ 31. Kh1 Qf1+ 32. Kh2 Qf2+ 1/2-1/2

[Event "COL-chT sf (Women)"]
[Site "Medellin"]
[Date "2024.11.08"]
[Round "3.1"]
[White "Restrepo Cifuentes, Luciana"]
[Black "Malagon Malagon, Gabriela"]
[Result "1-0"]
[WhiteElo "1568"]
[BlackElo "1514"]
[PlyCount "61"]
[EventDate "2024.11.07"]
[EventType "team-swiss"]
[EventRounds "5"]
[EventCountry "COL"]
[SourceTitle "CB49_2024"]
[SourceDate "2024.12.04"]
[SourceVersion "1"]
[SourceVersionDate "2024.12.04"]
[SourceQuality "1"]
[WhiteTeam "Antioquia Polijic (W)"]
[BlackTeam "Antioquia Sabaneta (W)"]
[WhiteTeamCountry "COL"]
[BlackTeamCountry "COL"]

1. e4 c5 2. Nc3 e6 3. g3 Nc6 4. Bg2 Qc7 5. d3 Nf6 6. f4 d6 7. Nf3 d5 8. exd5 Nxd5 9. Nxd5 exd5 10. 0-0 Be7 11. Re1 0-0 12. Ne5 Nxe5 13. Rxe5 d4 14. Qh5 Rb8 15. Re1 b6 16. f5 Bb7 17. f6 Bxf6 18. Bf4 Qd8 19. Bxb8 Qxb8 20. Re2 Bxg2 21. Kxg2 Re8 22. Rae1 Rxe2+ 23. Qxe2 Qb7+ 24. Kg1 g6 25. Rf1 Qe7 26. Qf3 Bg5 27. Kg2 f5 28. Qd5+ Kg7 29. h4 Qe2+ 30. Rf2 Be3 31. Rxe2 1-0

[Event "Medellin Castro Memorial op-B 31st"]
[Site "Medellin"]
[Date "2024.08.10"]
[Round "7"]
[White "Martinez Pinchao, Juan Manuel"]
[Black "Restrepo Cifuentes, Luciana"]
[Result "1/2-1/2"]
[WhiteElo "1748"]
[BlackElo "1591"]
[PlyCount "101"]
[EventDate "2024.08.07"]
[EventType "swiss"]
[EventRounds "9"]
[EventCountry "COL"]
[SourceTitle "CBM 221 Extra"]
[Source "ChessBase"]
[SourceDate "2024.09.30"]
[SourceVersion "1"]
[SourceVersionDate "2024.09.30"]
[SourceQuality "1"]

1. e4 e5 2. Nf3 Nc6 3. Bb5 a6 4. Bxc6 bxc6 5. 0-0 d6 6. d4 f6 7. dxe5 fxe5 8. Nxe5 Ne7 9. Nd3 g6 10. f4 Bg7 11. Nc3 0-0 12. Bd2 Bb7 13. Qg4 c5 14. f5 Qd7 15. Qg3 gxf5 16. Bh6 Rf7 17. Rad1 Qe6 18. Bg5 fxe4 19. Nf4 Qe5 20. Nh5 Qxg3 21. Nxg3 d5 22. Rxf7 Kxf7 23. Bxe7 Bd4+ 24. Kf1 Kxe7 25. Nf5+ Ke6 26. Nxd4+ cxd4 27. Rxd4 Ke5 28. Rb4 Bc6 29. Ne2 Bb5 30. Ke1 c5 31. Rb3 d4 32. Rh3 Bxe2 33. Kxe2 Rf8 34. Rh5+ Rf5 35. Rxh7 e3 36. Re7+ Kd6 37. Rg7 Rf2+ 38. Kd1 Rd2+ 39. Kc1 c4 40. Rg3 Ke5 41. c3 Re2 42. cxd4+ Kxd4 43. Rg8 Rf2 44. Kd1 Rxb2 45. h4 Rd2+ 46. Ke1 Kd3 47. h5 c3 48. Rd8+ Kc2 49. Rg8 Kb1 50. Rb8+ Kxa2 51. Rc8 1/2-1/2

[Event "American Continental Rapid 18th"]
[Site "Medellin"]
[Date "2024.06.01"]
[Round "3"]
[White "Restrepo Cifuentes, Luciana"]
[Black "Torres, Jorge Emilio"]
[Result "0-1"]
[WhiteElo "1617"]
[BlackElo "2002"]
[PlyCount "69"]
[EventDate "2024.06.01"]
[EventType "swiss (rapid)"]
[EventRounds "9"]
[EventCountry "COL"]
[SourceTitle "CBM 220 Extra"]
[Source "ChessBase"]
[SourceDate "2024.07.31"]
[SourceVersion "1"]
[SourceVersionDate "2024.07.31"]
[SourceQuality "1"]

1. e4 c6 2. d4 d6 3. Nc3 Qc7 4. Nf3 e5 5. dxe5 dxe5 6. Bc4 Be7 7. h3 Nf6 8. 0-0 0-0 9. Qe2 b5 10. Bb3 a5 11. a3 Nbd7 12. Be3 Nc5 13. Bxc5 Bxc5 14. Rfd1 h6 15. Qe1 Re8 16. Rd3 Nh5 17. Ne2 Be6 18. Rad1 Bxb3 19. cxb3 Re6 20. Rd7 Qb6 21. Qd2 Bxf2+ 22. Kh1 Be3 23. Qd3 Rae8 24. Nh4 Nf4 25. Nxf4 exf4 26. Nf5 Rxe4 27. Nd6 Rd4 28. Qf1 Rxd1 29. Qxd1 Rf8 30. Qh5 Qc5 31. Nf5 Qc1+ 32. Rd1 Qc2 33. Qg4 g6 34. Re1 Qxf5 35. Qxf5 0-1

[Event "American Continental 18th"]
[Site "Medellin"]
[Date "2024.05.30"]
[Round "9"]
[White "Restrepo Cifuentes, Luciana"]
[Black "Martinez Pinchao, Juan Manuel"]
[Result "0-1"]
[WhiteElo "1686"]
[BlackElo "1819"]
[PlyCount "108"]
[EventDate "2024.05.24"]
[EventType "swiss"]
[EventRounds "11"]
[EventCountry "COL"]
[SourceTitle "CBM 220 Extra"]
[Source "ChessBase"]
[SourceDate "2024.07.31"]
[SourceVersion "1"]
[SourceVersionDate "2024.07.31"]
[SourceQuality "1"]

1. e4 c5 2. Nc3 d6 3. d3 g6 4. g3 Bg7 5. Bg2 Nc6 6. f4 Rb8 7. a3 e6 8. Nf3 Nge7 9. 0-0 b5 10. Kh1 0-0 11. Qe1 a5 12. Ne2 Nd4 13. Nexd4 cxd4 14. Bd2 Nc6 15. b4 a4 16. g4 f5 17. g5 e5 18. exf5 Bxf5 19. Nh4 Ne7 20. Qg3 Rc8 21. Rac1 Qd7 22. Nxf5 Nxf5 23. Qh3 Qe7 24. Bd5+ Kh8 25. Rfe1 Rc7 26. c3 Rfc8 27. c4 Qe8 28. fxe5 Bxe5 29. Bf4 Re7 30. Bxe5+ Rxe5 31. Rxe5 Qxe5 32. Be4 bxc4 33. Bxf5 Qxf5 34. Qxf5 gxf5 35. dxc4 Kg7 36. Kg2 Kg6 37. h4 Kh5 38. Kg3 d3 39. Rd1 Rxc4 40. Rxd3 Rxh4 41. Rxd6 Rc4 42. Rh6+ Kxg5 43. Rxh7 Rc3+ 44. Kf2 Rxa3 45. Ra7 Kf4 46. b5 Ra2+ 47. Ke1 Kf3 48. b6 f4 49. b7 Rb2 50. Rxa4 Rxb7 51. Ra3+ Kg2 52. Ra2+ Kg3 53. Ra3+ f3 54. Ra1 Kg2 0-1

[Event "Medellin Antioquia-ch"]
[Site "Medellin"]
[Date "2024.05.05"]
[Round "7"]
[White "Restrepo Cifuentes, Luciana"]
[Black "Cabrera Novoa, Roxana"]
[Result "0-1"]
[WhiteElo "1645"]
[BlackElo "1720"]
[PlyCount "41"]
[EventDate "2024.05.01"]
[EventType "swiss"]
[EventRounds "7"]
[EventCountry "COL"]
[SourceTitle "CBM 220 Extra"]
[Source "ChessBase"]
[SourceDate "2024.07.31"]
[SourceVersion "1"]
[SourceVersionDate "2024.07.31"]
[SourceQuality "1"]

1. e4 c5 2. Nc3 Nc6 3. Bb5 d6 4. Bxc6+ bxc6 5. d3 Nf6 6. f4 Rb8 7. Nf3 Bg4 8. f5 e6 9. h3 Bxf3 10. Qxf3 exf5 11. Qxf5 Qd7 12. 0-0 Qxf5 13. exf5 d5 14. b3 Nd7 15. Bf4 Rb7 16. Rae1+ Kd8 17. Bg3 c4 18. dxc4 Bb4 19. cxd5 cxd5 20. Nxd5 Bxe1 21. Rxe1 0-1